|
|
|
|
| LEADER |
01184nam a22002417a 4500 |
| 001 |
AAL1921 |
| 003 |
BD-DhAAL |
| 005 |
20160314095310.0 |
| 008 |
160314m19951986bg a|||| b||| 00| 0 ben d |
| 040 |
|
|
|a BD-DhAAL
|c BD-DhAAL
|
| 082 |
|
|
|2 22
|a 327.1/01
|
| 100 |
|
|
|a হালিম, মোঃ আবদুল
|9 18495
|
| 245 |
|
|
|a আন্তর্জাতিক সম্পর্ক :
|b সংক্ষিপ্ত ইতিহাস /
|c মোঃ আবদুল হালিম
|
| 260 |
|
|
|a ঢাকা :
|b ব্র্যাক প্রকাশনা,
|c ১৯৯৫
|
| 300 |
|
|
|a ৪৩৯ পৃ. :
|b চিত্র ;
|c ২২ সে.মি.
|
| 504 |
|
|
|6 Includes bibliography
|
| 541 |
|
|
|e 1921
|
| 650 |
|
|
|a International relations
|9 18496
|
| 852 |
|
|
|a Savar Campus Library
|c General Shelf
|
| 942 |
|
|
|2 ddc
|c BK
|
| 999 |
|
|
|c 37107
|d 37107
|
| 952 |
|
|
|0 0
|1 0
|2 ddc
|4 0
|6 327_100000000000000_01_HAL
|7 0
|9 58367
|a SCL
|b SCL
|c GEN
|d 2016-03-14
|g 175.00
|l 1
|m 1
|o 327.101 HAL
|p 3020001921
|r 2025-08-20
|s 2025-08-10
|t 1
|w 2016-03-14
|y BK
|
| 952 |
|
|
|0 0
|1 0
|2 ddc
|4 0
|6 327_100000000000000_01_HAL
|7 0
|9 58396
|a SCL
|b SCL
|c GEN
|d 2016-03-16
|g 100.00
|l 2
|o 327.101 HAL
|p 3020002246
|r 2024-09-24
|s 2024-09-19
|t 2
|w 2016-03-16
|y BK
|